| 000 | 00378cam a22001217a 4500 | ||
|---|---|---|---|
| 008 | 180718b1933 xxu||||| |||| 00| 0 eng d | ||
| 082 | _aT2x5412 | ||
| 100 | _aDatta, R.L. | ||
| 245 |
_aSoap-making reverse graining in the manufacture of washing soap _cby R.L. Datta |
||
| 260 |
_aCalcutta _bBengal Secretariat Book _c1933 |
||
| 300 | _a8p. | ||
| 700 | _aIndustries Department, Bengal | ||
| 999 |
_c503612 _d503612 |
||